|
|
|
|
| LEADER |
00894cam a2200241 7i4500 |
| 001 |
0000037486 |
| 005 |
20170316090000.0 |
| 008 |
110324 eng |
| 020 |
|
|
|a 9780495808909 (pbk.)
|
| 020 |
|
|
|a 0495808903 (pbk.)
|
| 090 |
0 |
0 |
|a QA276.12
|b .J66 2010
|
| 100 |
1 |
|
|a Jackson, Sherri L
|
| 245 |
1 |
0 |
|a Statistics plain and simple
|c Sherri L. Jackson.
|
| 250 |
|
|
|a 2nd ed.
|
| 260 |
|
|
|a Australia:
|b Wadsworth Cencage Learning,
|c 2010.
|
| 300 |
|
|
|a xxi, 372 p.;
|c 24 cm.
|
| 504 |
|
|
|a Includes bibliographical references and index
|
| 650 |
0 |
0 |
|a Statistics
|
| 997 |
|
|
|a Education & Social Sciences, Faculty
|b Social Sciences, Department
|
| 998 |
|
|
|a Industrial Psychology, Degree
|
| 999 |
|
|
|a 0000048279
|b BOK
|c OPEN SHELF
|e 2nd Floor, Bestari Jaya
|
| 999 |
|
|
|a 0000048280
|b BOK
|c OPEN SHELF
|e 2nd Floor, Bestari Jaya
|
| 999 |
|
|
|a 0000048281
|b BOK
|c OPEN SHELF
|e 2nd Floor, Bestari Jaya
|